Les Tuvalu pour les touristes... - Facile - Statistiques

Statistiques générales
  • Ce quiz a été pris 7 fois
  • Le résultat moyen est 14 sur 21
Statistiques - réponses
Question Indice Réponses indice facile % Correct
La vitesse est limitée hors agglomération {80} km/h
100%
Quelles sont les langues officielles ? Anglais A
100%
Avez-vous besoin d'un visa ? (oui/non) Oui
100%
Dans la capitale y-a-t-il un décalage horaire avec Paris ? (oui/non) Oui
100%
3/ Sculpture en... Bois IOBS
86%
Comment se nomme la principale compagnie aérienne locale FA Fiji Airways FAIRWAYSIIJ
86%
La conduite se fait à droite ou à gauche ? Gauche
86%
B {Bibliothèque} nationale BIOETHIQUEBL
71%
D {David}'s Drill VIDAD
71%
2/ "Poils" de l'oiseau Plumes MESPLU
71%
Achats à faire 1/ Pour les collectionneurs Timbres EBIMRTS
71%
Combien d'heures (environ) mettrez-vous pour vous y rendre ? (en chiffres) 35
57%
Quel est le climat local ? E Equatorial
57%
A quelle région appartient ce pays P Polynésie
57%
Le suffixe internet est tv
57%
Le principal aéroport est à F Funafuti
43%
Quelles sont les principaux lieux touristiques ? F Réserve marine de {Funafuti} FAUTIFNU
43%
T Tuvaluan
43%
Quelle est la monnaie ? Dollar australien $
29%
E {Eglise} des Frères de Tuvalu SEIGLE
29%
La religion majoritaire est Calvinisme C
14%
Aucun quiz correspondant
Distribution des résultats
% des personnes avec chaque résultat
Percentile par nombre de réponses
Votre historique - résultats
Vous n’avez pas pris ce quiz